Biggest San Francisco Bay Area Cities - Statistics

General Stats
  • This quiz has been taken 104 times
    83 since last reset
  • The average score is 25 of 40
Answer Stats
Answer Population County % Correct
Oakland 450,630 Alameda
100%
San Francisco 887,711 San Francisco
100%
San Jose 1,026,700 Santa Clara
97%
Fremont 233,788 Alameda
95%
Berkeley 126,669 Alameda
89%
San Mateo 107,351 San Mateo
86%
Napa 79,712 Napa
85%
Santa Clara 129,883 Santa Clara
83%
Palo Alto 69,406 Santa Clara
77%
Daly City 105,657 San Mateo
76%
Santa Rosa 180,189 Sonoma
74%
Hayward 166,708 Alameda
70%
Alameda 79,174 Alameda
68%
Richmond 118,998 Contra Costa
65%
Vallejo 128,120 Solano
65%
Concord 126,078 Contra Costa
64%
Mountain View 84,038 Santa Clara
64%
Sunnyvale 158,949 Santa Clara
64%
Redwood City 85,788 San Mateo
62%
San Rafael 61,983 Marin
61%
Fairfield 122,793 Solano
59%
Cupertino 60,797 Santa Clara
58%
Dublin 77,899 Alameda
58%
Antioch 117,875 Contra Costa
56%
South San Francisco 66,599 San Mateo
56%
Vacaville 104,378 Solano
56%
Walnut Creek 71,317 Contra Costa
55%
Livermore 89,353 Alameda
52%
Pleasanton 81,789 Alameda
52%
San Leandro 92,220 Alameda
52%
Santa Cruz 63,558 Santa Cruz
50%
Milpitas 82,969 Santa Clara
42%
San Ramon 87,097 Contra Costa
41%
Union City 70,269 Alameda
41%
Petaluma 60,144 Sonoma
39%
Gilroy 61,660 Santa Clara
36%
Novato 53,621 Marin
35%
Pittsburg 79,046 Contra Costa
35%
Brentwood 66,854 Contra Costa
27%
Castro Valley 67,451 Alameda
20%
No matching quizzes found
Score Distribution
Percent of People with Each Score
Percentile by Number Answered
Your Score History
You have not taken this quiz since the last reset